Les structures i groupe: fiches de travail en vue de la formation continue

Gorde:
Xehetasun bibliografikoak
Egile Nagusiak: Duvert, Louis (Egilea), Gauthier, René (Egilea), Glaymann, Maurice (Egilea)
Formatua: Liburua
Hizkuntza:frantsesa
Argitaratua: París O.C.D.L 1970
Saila:Travaux pratiques de mathématique, 4
Gaiak:
Etiketak: Etiketa erantsi
Etiketarik gabe, Izan zaitez lehena erregistro honi etiketa jartzen!

MARC

LEADER 00000nam a2200000 a 4500
001 UCQ8506
003 CL-VaPUC
008 981210e19700000FR |||||||||||||||||fre|d
082 0 4 |a 512.2  |b DUV  |2 21 
100 0 |a Duvert, Louis  |e author  |9 422516 
700 |a Gauthier, René  |e author  |9 425576 
700 |a Glaymann, Maurice  |e author  |9 422542 
245 1 4 |a Les structures i groupe: fiches de travail en vue de la formation continue 
300 |a 156 p 
942 |c BK 
945 |d 19981210 00:00:00  |a cmena 
260 |a París  |b O.C.D.L  |c 1970 
650 0 |a Teoría de grupos   |9 270028 
650 0 |a Álgebra  |9 259567 
650 0 |a Conjuntos  |9 342214 
650 0 |a Ejercicios   |9 269807 
650 0 |a Matemática  |9 260235 
583 |a last modification  |c 19981210 00:00:00  |k Rodrigo Vera 
490 0 |a Travaux pratiques de mathématique, 4 
999 |c 277750  |d 277748 
952 |0 0  |1 0  |4 0  |6 512_200000000000000_DUV_1970  |7 0  |8 A  |9 315949  |a BIBMAT  |b BIBMAT  |d 2019-11-20  |i 1306308  |o 512.2 DUV 1970  |p 1306308  |r 2025-01-07  |w 2019-11-20  |y BK  |k MAT